Top 10 des meilleurs mangas selon les japonais (2020) - Statistiques

Statistiques générales
  • Ce quiz a été pris 852 fois
  • Le résultat moyen est 5 sur 10
Statistiques - réponses
Hint Réponse % Correct
7 Naruto
97%
1 One Piece
97%
5 Dragon Ball
87%
2 Demon Slayer
61%
6 L'Attaque des titans
38%
4 Detective Conan
30%
9 Full Metal Alchemist
19%
3 Slam Dunk
17%
8 Haikyu!
16%
10 Jojo's Bizarre Adventure
13%
Aucun quiz correspondant
Distribution des résultats
% des personnes avec chaque résultat
Percentile par nombre de réponses
Votre historique - résultats
Vous n’avez pas pris ce quiz